| 000 | 00732cam a2200241 i 4500 | ||
|---|---|---|---|
| 999 |
_c130435 _d130435 |
||
| 001 | 3664442 | ||
| 003 | ARRUPE | ||
| 005 | 20200319110519.0 | ||
| 008 | 770830s1976 ii 000 0 eng | ||
| 010 | _a 76911320 | ||
| 020 | _cRs15.00 | ||
| 040 |
_aDLC _cDLC _dDLC |
||
| 043 | _aa-ii--- | ||
| 050 | 0 | 0 |
_aBL2015.F3 _bC65 |
| 082 | 0 | 0 | _a291.3/8 |
| 245 | 0 | 0 |
_aCome, let us celebrate : _bmeeting God in Christian and non-Christian feasts / _cedited by I. Puthiadam. |
| 260 |
_aBangalore : _bAsian Trading Corp., _c1990. |
||
| 300 |
_axv, 293p. ; _c19 cm. |
||
| 650 | 0 |
_aFasts and feasts _zIndia. _949734 |
|
| 700 | 1 |
_aPuthiadam, Ignatius. _949735 |
|
| 906 |
_a7 _bcbc _corignew _d4 _encip _f19 _gy-gencatlg |
||
| 942 |
_2lcc _cMONOGRAPH |
||